Analýza a testovanie časových radov z hľadiska tvorby prognóz kandidátska dizertačná práca

Gespeichert in:
Bibliographische Detailangaben
1. Verfasser: Rublíková, Eva
Körperschaft: Vysoká škola ekonomická v Bratislave. Fakulta riadenia
Weitere Verfasser: Klas, Anton
Format: Buch
Sprache:Slowakisch
Veröffentlicht: Bratislava 1982
Tags: Tag hinzufügen
Keine Tags, Fügen Sie das erste Tag hinzu!

MARC

LEADER 00000nam a2200000 4500
001 c127241
005 20230116091025.1
041 0 |a slo 
044 |a SK 
245 1 0 |a Analýza a testovanie časových radov z hľadiska tvorby prognóz  |b kandidátska dizertačná práca  |c Eva Rublíková ; škol. Anton Klas 
264 1 |a Bratislava  |c 1982 
300 |a 171 s. 
100 1 |a Rublíková, Eva 
700 1 |a Klas, Anton 
710 2 |a Vysoká škola ekonomická v Bratislave. Fakulta riadenia